Essentials of mental health nursing For BSc and post basic nursing students / (Record no. 18485)
[ view plain ]
| 000 -LEADER | |
|---|---|
| fixed length control field | 00980nam a22002537a 4500 |
| 005 - DATE AND TIME OF LATEST TRANSACTION | |
| control field | 20141204113219.0 |
| 008 - FIXED-LENGTH DATA ELEMENTS--GENERAL INFORMATION | |
| fixed length control field | 141021t2013 ii a fr 001 0 eng d |
| 020 ## - INTERNATIONAL STANDARD BOOK NUMBER | |
| International Standard Book Number | 9789350902615 |
| 040 ## - CATALOGING SOURCE | |
| Original cataloging agency | EG-ScBUE |
| 043 ## - GEOGRAPHIC AREA CODE | |
| Geographic area code | a-ii--- |
| 082 00 - DEWEY DECIMAL CLASSIFICATION NUMBER | |
| Edition number | 22 |
| Item number | SHA |
| Classification number | 610.73680954 |
| 100 1# - MAIN ENTRY--PERSONAL NAME | |
| Personal name | Sharma, Pawan |
| 9 (RLIN) | 36294 |
| 245 10 - TITLE STATEMENT | |
| Title | Essentials of mental health nursing For BSc and post basic nursing students / |
| Statement of responsibility, etc | Pawan Sharma. |
| 246 34 - VARYING FORM OF TITLE | |
| Title proper/short title | Essentials of mental health nursing For BSc & post basic nursing students : |
| Remainder of title | (as per the syllabus of Indian Nursing Council) |
| 260 ## - PUBLICATION, DISTRIBUTION, ETC. (IMPRINT) | |
| Place of publication, distribution, etc | New Delhi : |
| Name of publisher, distributor, etc | Jaypee Brothers Medical Publishers (P) Ltd, |
| Date of publication, distribution, etc | c.2013. |
| 300 ## - PHYSICAL DESCRIPTION | |
| Extent | xii, 368 p. : |
| Other physical details | ill. ; |
| Dimensions | 24 cm. |
| 500 ## - GENERAL NOTE | |
| General note | Index : p. 365-368. |
| 521 ## - TARGET AUDIENCE NOTE | |
| Target audience note | For BSc and post basic nursing students. |
| 650 #0 - SUBJECT ADDED ENTRY--TOPICAL TERM | |
| Topical term or geographic name as entry element | Psychiatric nursing |
| 9 (RLIN) | 10237 |
| Geographic subdivision | India |
| 653 ## - INDEX TERM--UNCONTROLLED | |
| Resource For college | Nursing |
| Arrived date list | October2014 |
| -- | December2014 |
| 655 ## - INDEX TERM--GENRE/FORM | |
| Form subdivision | |
| -- | 34232 |
| 710 2# - ADDED ENTRY--CORPORATE NAME | |
| 9 (RLIN) | 36297 |
| Corporate name or jurisdiction name as entry element | Indian Nursing Council |
| 942 ## - ADDED ENTRY ELEMENTS (KOHA) | |
| Source of classification or shelving scheme | Dewey Decimal Classification |
| Call number prefix | 610.73680954 SHA |
| Withdrawn status | Item status | Source of classification or shelving scheme | Damaged status | Not for loan | Vendor | Home library | Current library | Shelving location | Date acquired | Source of acquisition | Cost, normal purchase price | Serial Enumeration / chronology | Total Checkouts | Total Renewals | Full call number | Barcode | Date last seen | Date last borrowed | Cost, replacement price | Koha item type |
|---|---|---|---|---|---|---|---|---|---|---|---|---|---|---|---|---|---|---|---|---|
| Dewey Decimal Classification | Baccah | Central Library | Central Library | First floor | 22/10/2014 | 71.00 | 20526 | 5 | 47 | 610.73680954 SHA | 000036759 | 15/07/2025 | 24/02/2020 | 88.75 | Book - Borrowing | |||||
| Dewey Decimal Classification | Baccah | Central Library | Central Library | First floor | 22/10/2014 | 71.00 | 20526 | 5 | 75 | 610.73680954 SHA | 000036760 | 15/07/2025 | 24/09/2018 | 88.75 | Book - Borrowing | |||||
| Dewey Decimal Classification | Baccah | Central Library | Central Library | First floor | 04/12/2014 | 71.00 | 21204 | 5 | 33 | 610.73680954 SHA | 000037107 | 15/07/2025 | 25/12/2019 | 88.75 | Book - Borrowing |